| 000 | 00503nam a22002171a 4500 | ||
|---|---|---|---|
| 001 | 357 | ||
| 003 | OSt | ||
| 005 | 20260204211649.0 | ||
| 008 | 031126s1987||||Esp||||||b||||||||||x || | ||
| 020 | _a8426106005 | ||
| 050 | _a843.914 D891t | ||
| 082 | _a808.83 D891t | ||
| 100 | _aDumas, Alejandro | ||
| 245 | _aLos tres mosqueteros / Alejandro Dumas | ||
| 250 | _a2 | ||
| 264 | _aEspaƱa: Juventud | ||
| 300 | _a581 p | ||
| 500 | _aIncluye indice | ||
| 650 | _aNovela FrancesaĆ | ||
| 942 |
_2ddc _cBK |
||
| 999 |
_c357 _d357 |
||